| 000 | 00000nas 2200000zi 4500 |
| 001 | 9.884235 |
| 003 | CaOODSP |
| 005 | 20221107170817 |
| 006 | m o d f |
| 007 | cr ||||||||||| |
| 008 | 200203d19881992oncar p o f0 a0eng|d |
| 040 | |aCaOODSP|beng|erda|cCaOODSP |
| 043 | |an-cn--- |
| 086 | 1 |aRv1-25/1E-PDF |
| 245 | 00|aCapital gains tax guide. |
| 264 | 1|a[Ottawa] : |bRevenue Canada = Revenu Canada, |c[1988-1992] |
| 310 | |aAnnual |
| 336 | |atext|btxt|2rdacontent |
| 337 | |acomputer|bc|2rdamedia |
| 338 | |aonline resource|bcr|2rdacarrier |
| 362 | 1 |aBegan with 1988; ceased with 1992. |
| 500 | |a"Your guide." |
| 500 | |aIssued also in French under title: Guide d'impôt, gains en capital. |
| 588 | |aDescription based on: 1988. |
| 588 | |aLatest issue consulted: 1992. |
| 692 | 07|2gccst|aIncome |
| 692 | 07|2gccst|aTaxation regulations |
| 710 | 1 |aCanada.|bRevenue Canada. |
| 775 | 08|tGuide d'impôt, gains en capital.|w(CaOODSP)9.884249 |
| 785 | 00|tCapital gains. |w(CaOODSP)9.507215 |